What writers know: the language, process, and structure of written discourse
-д хадгалсан:
| Үндсэн зохиолч: | |
|---|---|
| Формат: | Ном |
| Хэл сонгох: | англи |
| Хэвлэсэн: |
Orlando
Academic
1982
|
| Нөхцлүүд: | |
| Шошгууд: |
Шошго нэмэх
Шошго байхгүй, Энэхүү баримтыг шошголох эхний хүн болох!
|
MARC
| LEADER | 00000nam a2200000 a 4500 | ||
|---|---|---|---|
| 001 | UCM0845 | ||
| 003 | CL-VaPUC | ||
| 008 | 020315e19820000US |||||||||||||||||eng|d | ||
| 082 | 0 | 4 | |a 401.9 |b NYS |2 21 |
| 100 | |a Nystrand, Martin |e author |9 469972 | ||
| 245 | 1 | 0 | |a What writers know: the language, process, and structure of written discourse |
| 300 | |a 391 p | ||
| 942 | |c BK | ||
| 945 | |d 20020315 00:00:00 |a cmena | ||
| 260 | |a Orlando |b Academic |c 1982 | ||
| 650 | 0 | |a Retórica |9 266620 | |
| 650 | 0 | |a Comunicación escrita |9 345084 | |
| 650 | 0 | |a Psicolingüística |9 283371 | |
| 650 | 0 | |a Sociolingüística |9 263716 | |
| 583 | |a last modification |c 20020315 00:00:00 |k Rodrigo Vera | ||
| 999 | |c 299656 |d 299654 | ||
| 952 | |0 0 |1 0 |4 0 |6 401_900000000000000_NYS_1982 |7 0 |8 A |9 356402 |a FDOPOS |b FDOPOS |d 2019-11-21 |i 3797686 |o 401.9 NYS 1982 |p 3797686 |r 2025-01-22 |w 2019-11-21 |y BK |k MLA | ||